000 01171nam a2200289 i 4500
003 EG-GICUC
005 20260418114314.0
008 260418s1952 fr ||fr|||| 000 0 fre d
040 _aEG-GiCUC
_bfre
_cEG-GiCUC
_dEG-GiCUC
_eRda
041 0 _afre
082 0 4 _221
_a341.1
_bQU . C
092 0 4 _221
099 _aLaw1 11 341.1 QU . C 1952
100 1 _aQuadri, Rolondo
_eAuteur
245 1 4 _aCours De Droit International Public :
_bCours Donné Aux Étudiants De Diplôme De Droit Public De La Faculté De Droit De L'université Du Caire.
_nParte Premiere,
_pLe Fondement Du Caractere Obligatoire Des Regles Juridiques Internationales /
_cPar Le Professeur Rolondo Quadri
264 1 _aCaire :
_b{ La Faculté De Droit De L'université Du Caire}
_c{1952}
300 _a161 page,
_c30 cm.
336 _2rda contenu
_a texte
337 _2rda medias
_aOrdinateur
338 _2 transporteur rda
_a Ressource en ligne
504 _aComprend des références bibliographiques.
546 _aTexte en français
650 1 4 _2Droit international privé
856 4 0 _uhttps://fll.law.cu.edu.eg/fulltext/bks/B11-07520.pdf
905 _a48
942 _2ddc
_cBK
_e21
_n0
999 _c71629
_d71629